Industrial safety and risk management/ (Record no. 9121)

MARC details
000 -LEADER
fixed length control field 00566nam a22001937a 4500
003 - CONTROL NUMBER IDENTIFIER
control field OSt
005 - DATE AND TIME OF LATEST TRANSACTION
control field 20240709151302.0
008 - FIXED-LENGTH DATA ELEMENTS--GENERAL INFORMATION
fixed length control field 240709b |||||||| |||| 00| 0 eng d
020 ## - INTERNATIONAL STANDARD BOOK NUMBER
International Standard Book Number 0888643942
040 ## - CATALOGING SOURCE
Transcribing agency must
082 ## - DEWEY DECIMAL CLASSIFICATION NUMBER
Classification number 363.11 WIL 2003
100 ## - MAIN ENTRY--PERSONAL NAME
Personal name Wilson,Laird
9 (RLIN) 18552
245 ## - TITLE STATEMENT
Title Industrial safety and risk management/
Statement of responsibility, etc. Laird Wilson and Doug McCutcheon.
260 ## - PUBLICATION, DISTRIBUTION, ETC. (IMPRINT)
Place of publication, distribution, etc. Edmonton:
Name of publisher, distributor, etc. The university of Albert press;
Date of publication, distribution, etc. c2003.
300 ## - PHYSICAL DESCRIPTION
Extent xx,171p.:
Other physical details ill.;
Dimensions 25cm.
650 ## - SUBJECT ADDED ENTRY--TOPICAL TERM
Source of heading or term Industrial safety
700 ## - ADDED ENTRY--PERSONAL NAME
Personal name McCutcheon,Doug
9 (RLIN) 18553
942 ## - ADDED ENTRY ELEMENTS (KOHA)
Source of classification or shelving scheme Dewey Decimal Classification
Koha item type Open Shelf
Holdings
Withdrawn status Lost status Source of classification or shelving scheme Damaged status Not for loan Home library Current library Date acquired Source of acquisition Inventory number Total Checkouts Full call number Barcode Date last seen Price effective from Koha item type
    Dewey Decimal Classification     MUST Main Library MUST Main Library 09/07/2024 Purchase 11/34312   363.11 WIL 2003 2024-21877 09/07/2024 09/07/2024 Open Shelf